SZČO alebo zamestnanec, čo je výhodnejšie a pre koho?

Bibliographic Details
Main Author: Strýčková, Jolana (Author)
Format: Article
Language:Slovak
PhysicalDescription:Tab.
ISSN:1335-0897
Subjects:

MARC

LEADER 00000nab a2200000 ar4500
001 vtls008998080
003 SK-MaSNL
005 20260303065830.0
008 070612c2007 xo mr|p|||||||000 b|slo
015 |a SNBRB2007/06  |2 snkbucl 
038 |a SNKBUCL 
040 |a SNKBUCL  |b slo  |c SNKBUCL  |e AACR2 
041 |a slo 
044 |a xo  |c SK 
080 |a 339.26.022.6  |2 1997 
080 |a 331.5  |2 1997 
100 1 |a Strýčková, Jolana  |4 aut  |9 600439 
245 1 0 |a SZČO alebo zamestnanec, čo je výhodnejšie a pre koho? 
300 |b Tab. 
650 0 7 |a samostatne zárobkovo činné osoby  |2 snkbucl  |9 443257 
650 0 7 |a zamestnanci  |2 snkbucl  |9 16311 
773 0 |t Daňový a účtovný poradca podnikateľa  |g Č. 8 (2007), s. 7-16  |x 1335-0897 
852 |a SNK  |b KIS3GCP 
999 |c 1752917  |d 1754847